000 00710nam a22002055i 4500
001 98888
003 ES-MaACL
005 20250824074918.0
007 t|
008 940202s1894 sp ||||1| spa d
040 _aCAM
_bspa
100 1 _aEchegaray, José,
_d1832-1916
_946526
245 1 3 _aLa rencorosa
_b: comedia en tres actos y en prosa /
_coriginal de José Echegaray.
260 _aMadrid :
_bFlorencio Fiscowich,
_c1894 (
_fImpr. de José Rodríguez)
300 _a86 p. ;
_c20 cm.
490 1 _aEl Teatro: colección de obras dramáticas y líricas
830 0 3 _aEl teatro: colección de obras dramática y líricas
_9221753
852 _aES-MaACL
_jB-3100(3)
999 _c98888
_d98888